000 01585cad a22002535a 4500
001 E149994
008 100521s2010 xxk f 000 0 eng d
020 _a9780755993203
035 _a(Sirsi) u149994
041 0 _aeng
110 2 _aScotland
_bScottish Government
_95344
245 0 4 _aThe Environmental Impact Assessment (Scotland) Regulations 2010
_bconsultation paper
_h[electronic resource]
260 _aEdinburgh
_bScottish Government
_c2010
505 2 _aIntroduction and context -- Proposed amendments to regulations, recent case law -- Proposed amendments to regulations, miscellaneous changes -- Annex A, changes or extensions to existing development -- Annex B, reasons for negative screening decisions -- Annex C, multi-stage consents -- Annex D, multi stage consents (permitted development) -- Annex E, (draft) business and regulatory impact assessment -- Annex F, partial equalities impact assessment
520 _aSets out proposals for consolidating and updating Part II of The Environmental Impact Assessment (Scotland) Regulations 1999, which apply the EIA Directive to the Scottish planning system. Deadline for comments is 27 August 2010.
521 _aAdvanced
590 _aKA
650 2 4 _aENVIRONMENTAL IMPACT ASSESSMENT (SCOTLAND) REGULATIONS 1999
650 2 4 _aENVIRONMENTAL IMPACT ASSESSMENT (SCOTLAND) REGULATIONS 2010
651 4 _aScotland
_y1999-
690 _aPlanning and development
_96259
856 4 0 _uhttps://www.scotland.gov.uk/Publications/2010/05/20153045/0
_zView the consultation free of charge at www.scotland.gov.uk
942 _n0
999 _c110696
_d110696